000 00387nam a2200157Ia 4500
008 210716s2009 xx 000 0 und d
020 _a9788187721796
041 _aeng
082 _a003 BHAS
100 _aBhaskar, S.
245 _aOperations research.
250 _a1
260 _aKumbakonam
_bAnuradha Publications
_c2009
300 _a19.13,ix,3
650 _aOperations Research
999 _c189703
_d189703